Statystyki dla Rozpoznasz Skamieniałości po wyglądzie? #1

Kliknij tutaj aby rozwiązać quiz!

Ogólne statystyki

  • Ten quiz został rozwiązany 9 razy
  • Średni wynik to 2 z 10

Statystyki odpowiedzi

Odpowiedź% Poprawnych
Amonit
83%
Belemnit
33%
Ślimaki Eoborus
33%
Trylobit Flexicalymene Ouzregui
33%
Jeżowiec
17%
Orthoceras
17%
Ramienionogi
17%
Koprolit
0%
Stromatolit
0%
Ząb Mozazaura
0%

Rozkład punktacji

Percentyl według liczby udzielonych odpowiedzi

Procent ludzi z każdym wynikiem

Twoja historia wyników

Nie rozwiązałeś tego quizu